[Event "DIJA I"]
[Site "SchemingMind.com"]
[Date "2020.07.27"]
[Round "-"]
[White "JAHI"]
[Black "splinter"]
[Result "1-0"]
[WhiteCountry "INT"]
[BlackCountry "CAN"]
[WhiteElo "2158"]
[WhiteRD "69"]
[BlackElo "1877"]
[BlackRD "80"]
[GameID "458201"]

1. c3 Nf6 2. c4 c5 3. Nc3 Nc6 4. g3 g6 5. Bg2 Bg7 6. d3 d6 7. h3 O-O 8. h4 a6 9. h5 Nxh5 10. Rxh5 gxh5
11. Nf3 Bg4 12. Bg5 Bxf3 13. Bxf3 f6 14. Be3 Qe8 15. Nd5 Qd8 16. Nf4 e5 17. Ne6 Qe7 18. Nxf8 Qxf8 19. Bxh5 Bh6 20. Qd2 Bxe3
21. Qxe3 Nd4 22. Rc1 Qg7 23. Bf3 Nxf3+ 24. Qxf3 Qf7 25. Kd2 f5 26. Rh1 Re8 27. Rh6 Rd8 28. Qh1 Rd7 29. b3 b5 30. Qc6 bxc4
31. dxc4 d5 32. cxd5 Rxd5+ 33. Kc3 Kg7 34. Re6 Rd7 35. Rxe5 Rc7 36. Qf3 c4 37. b4 Kg6 38. g4
1-0

[Event "DIJA I"]
[Site "SchemingMind.com"]
[Date "2020.08.09"]
[Round "-"]
[White "JAHI"]
[Black "Paul Clarkson"]
[Result "1-0"]
[WhiteCountry "INT"]
[BlackCountry "CAN"]
[WhiteElo "2127"]
[WhiteRD "71"]
[BlackElo "1856"]
[BlackRD "90"]
[GameID "458665"]

1. c3 Nf6 2. c4 g6 3. Nc3 Bg7 4. g3 O-O 5. Bg2 d6 6. h3 c5 7. h4 Nbd7 8. h5 Nxh5 9. Rxh5 gxh5 10. d3 Nf6
11. Nf3 Bd7 12. Bg5 Bc6 13. Qd2 Ng4 14. Kf1 Qd7 15. Re1 Rae8 16. Kg1 a6 17. d4 cxd4 18. Nxd4 Bxg2 19. Kxg2 Bxd4 20. Qxd4 Qc6+
21. f3 Ne5 22. Bh6 Qxc4 23. Qxc4 Nxc4 24. Nd5 f5 25. Bxf8 Kxf8 26. Rh1 Nxb2 27. Rb1 Na4 28. Rxb7 Nc5 29. Ra7 Kf7 30. a3 h6
31. e3 Ke6 32. Nc7+ Kf7 33. Nxe8 Kxe8 34. Kh3 Kf7 35. Kh4 Kf6 36. Kxh5 e5 37. Rh7 Ke6 38. Rxh6+ Kd5 39. Kg6
1-0

[Event "DIJA I"]
[Site "SchemingMind.com"]
[Date "2020.08.09"]
[Round "-"]
[White "Paul Clarkson"]
[Black "splinter"]
[Result "1-0"]
[WhiteCountry "CAN"]
[BlackCountry "CAN"]
[WhiteElo "1856"]
[WhiteRD "90"]
[BlackElo "1836"]
[BlackRD "81"]
[GameID "458666"]

1. d4 Nf6 2. Bf4 d5 3. e3 Nbd7 4. Nf3 c5 5. c3 e6 6. Nbd2 Be7 7. Ne5 O-O 8. Bd3 cxd4 9. exd4 a6 10. O-O b5
11. Nc6 Qe8 12. Nxe7+ Qxe7 13. a4 bxa4 14. Qxa4 Nh5 15. Be3 f5 16. Nf3 f4 17. Bd2 Ndf6 18. Ne5 Bb7 19. Qc2 g5 20. f3 Qg7
21. Rae1 Bc8 22. b3 Nd7 23. Rf2 Ng3 24. hxg3 fxg3 25. Rfe2 Nf6 26. Kf1 g4 27. Re3 gxf3 28. Rxf3 a5 29. Ke2 Ba6 30. Bxa6 Rxa6
31. Qd3 Qb7 32. Ref1
1-0

[Event "DIJA I"]
[Site "SchemingMind.com"]
[Date "2020.08.23"]
[Round "-"]
[White "David Carter"]
[Black "JAHI"]
[Result "0-1"]
[WhiteCountry "USA"]
[BlackCountry "INT"]
[WhiteElo "1956"]
[WhiteRD "76"]
[BlackElo "2158"]
[BlackRD "69"]
[GameID "459203"]

1. d4 d6 2. c4 g6 3. e4 Bg7 4. Be2 a6 5. Nf3 a5 6. Nc3 Na6 7. Be3 Bd7 8. Rc1 e6 9. O-O h6 10. Qd2 h5
11. Ne1 h4 12. f4 h3 13. g3 Ne7 14. Nd3 Kf8 15. Nf2 Kg8 16. Bg4 d5 17. Bxh3 dxc4 18. Bg2 b6 19. Ne2 Bb5 20. f5 exf5
21. exf5 Nxf5 22. Bxa8 Qxa8 23. Nc3 Bd7 24. d5 Nb4 25. a3 Nxe3 26. Qxe3 Nxd5 27. Nxd5 Qxd5 28. Rfd1 Qe6 29. Qd2 Bh6 30. Qxd7 Qxd7
31. Rxd7 Bxc1 32. Rxc7 Bxb2 33. a4 Bd4 34. Rxc4 Bxf2+ 35. Kxf2 Rxh2+ 36. Kf3 Rb2
0-1

[Event "DIJA I"]
[Site "SchemingMind.com"]
[Date "2020.08.22"]
[Round "-"]
[White "David Carter"]
[Black "splinter"]
[Result "1-0"]
[WhiteCountry "USA"]
[BlackCountry "CAN"]
[WhiteElo "2017"]
[WhiteRD "70"]
[BlackElo "1868"]
[BlackRD "82"]
[GameID "459204"]

1. d4 Nf6 2. c4 g6 3. Nc3 Bg7 4. e4 d6 5. Be2 O-O 6. Nf3 e5 7. d5 a5 8. O-O Na6 9. Qc2 c6 10. Bg5 cxd5
11. cxd5 Nc5 12. Nd2 Bd7 13. f3 Qe8 14. Nc4 Ra6 15. Be3 Qc8 16. a4 Qc7 17. Nb5 Bxb5 18. axb5 Raa8 19. Nxd6 b6 20. Nc4 Nfd7
21. Rfc1 Rfc8 22. Ra3 Qd8 23. Rc3 Rab8 24. Bf1 Qf8 25. Nxb6 Rxb6 26. Bxc5 Rxc5 27. Rxc5 Nxc5 28. Qxc5 Qd8 29. Qc8 Rb8 30. Qxd8+ Rxd8
31. Rc6 Bf8 32. b6 Bd6 33. Ba6 f5 34. exf5 gxf5 35. Bc8 e4 36. Bxf5 e3 37. g3 Bb4 38. Kf1 Kg7 39. Be6 Kf6 40. Ke2 h5
41. Kxe3 h4 42. Bc8+ Ke7 43. b7
1-0

[Event "DIJA I"]
[Site "SchemingMind.com"]
[Date "2020.08.23"]
[Round "-"]
[White "David Carter"]
[Black "Paul Clarkson"]
[Result "1-0"]
[WhiteCountry "USA"]
[BlackCountry "CAN"]
[WhiteElo "2017"]
[WhiteRD "70"]
[BlackElo "1880"]
[BlackRD "91"]
[GameID "459205"]

1. d4 Nf6 2. c4 g6 3. Nc3 Bg7 4. e4 d6 5. Be2 O-O 6. Nf3 e5 7. d5 a5 8. O-O Na6 9. Qc2 Nc5 10. Bg5 h6
11. Be3 b6 12. Nd2 Bg4 13. f3 Bd7 14. b3 Nh5 15. g3 f5 16. exf5 gxf5 17. f4 Qe7 18. Bxh5
1-0

[Event "DIJA I"]
[Site "SchemingMind.com"]
[Date "2020.08.28"]
[Round "-"]
[White "David Carter"]
[Black "krzysztof"]
[Result "1-0"]
[WhiteCountry "USA"]
[BlackCountry "POL"]
[WhiteElo "1971"]
[WhiteRD "73"]
[BlackElo "1507"]
[BlackRD "75"]
[GameID "459482"]

1. d4 e6 2. e4 d5 3. Nc3 dxe4 4. Nxe4 b6 5. Qf3 Bb7 6. Nf6+ Qxf6 7. Qxb7 Qxd4 8. Qxa8 Qd8 9. Bb5+ c6 10. Bxc6+ Nxc6
11. Qxc6+ Qd7 12. Qxd7+ Kxd7 13. Be3 Bc5 14. Bxc5 bxc5 15. O-O-O+ Kc7 16. Nf3 Nf6 17. Ne5 Rf8 18. Rd3 Nd5 19. c4 Nb6 20. Rhd1 f6
21. Nd7 Nxd7 22. Rxd7+ Kc8 23. Rxa7 Rd8 24. Rxd8+ Kxd8 25. Rxg7 Ke8 26. a4
1-0

[Event "DIJA I"]
[Site "SchemingMind.com"]
[Date "2020.08.29"]
[Round "-"]
[White "krzysztof"]
[Black "splinter"]
[Result "0-1"]
[WhiteCountry "POL"]
[BlackCountry "CAN"]
[WhiteElo "1507"]
[WhiteRD "75"]
[BlackElo "1884"]
[BlackRD "79"]
[GameID "459483"]

1. c4 c5 2. Nc3 Nc6 3. g3 g6 4. Bg2 Bg7 5. b3 Nf6 6. Ba3 d6 7. b4 cxb4 8. Bxb4 Nxb4 9. Qa4+ Nc6 10. Rb1 O-O
11. h4 Bd7 12. Qa3 Rb8 13. Bf3 Nd4 14. Qc1 b6 15. e3 Nxf3+ 16. Nxf3 Bc6 17. Nd5 Nxd5 18. cxd5 Bxd5 19. Qd1 Bxa2 20. Rb5 Qd7
21. Qa4 Bb1 22. h5 Bd3 23. Rb4 Qxa4 24. Rxa4 Rfc8 25. Kd1 Bb2 26. Ne1 Rc1#
0-1

[Event "DIJA I"]
[Site "SchemingMind.com"]
[Date "2020.08.29"]
[Round "-"]
[White "krzysztof"]
[Black "Paul Clarkson"]
[Result "0-1"]
[WhiteCountry "POL"]
[BlackCountry "CAN"]
[WhiteElo "1507"]
[WhiteRD "75"]
[BlackElo "1948"]
[BlackRD "93"]
[GameID "459484"]

1. Nc3 Nf6 2. Nf3 g6 3. Ng5 Bg7 4. d4 O-O 5. e4 d6 6. Bd3 Nbd7 7. f4 e5 8. f5 exd4 9. Ne2 c5 10. c3 dxc3
11. bxc3 Ne5 12. Nf4 Nxd3+ 13. Nxd3 gxf5 14. O-O fxe4 15. Nf4 Bg4 16. Qe1 Re8 17. h3 Bf5 18. g4 Bd7 19. Qh4 h6 20. Nh5 Nxh5
21. Qxh5 f5 22. gxf5 Qf6 23. Ne6 Bxe6 24. fxe6 Qxe6 25. Kh2 Qe5+ 26. Bf4 Qxh5
0-1

[Event "DIJA I"]
[Site "SchemingMind.com"]
[Date "2020.08.29"]
[Round "-"]
[White "JAHI"]
[Black "krzysztof"]
[Result "1-0"]
[WhiteCountry "INT"]
[BlackCountry "POL"]
[WhiteElo "2158"]
[WhiteRD "69"]
[BlackElo "1559"]
[BlackRD "75"]
[GameID "459485"]

1. c3 e5 2. c4 e4 3. Nc3 Nf6 4. g3 Bb4 5. Bg2 Bxc3 6. dxc3 c6 7. Bg5 h6 8. Bxf6 Qxf6 9. Bxe4 Na6 10. Qd4 Qxd4
11. cxd4 d6 12. e3 Be6 13. Rc1 O-O-O 14. a3 Rhe8 15. Bd3 Nc7 16. h3 d5 17. c5 f5 18. h4 Re7 19. Nf3 g6 20. b3 Rde8
21. b4 a6 22. Rb1 Bg8 23. h5 Bh7 24. hxg6 Bxg6 25. Rxh6 Rg8 26. Ne5 Rh7 27. Rxg6 Rh1+ 28. Ke2 Rxb1 29. Rxg8+ Ne8 30. Rxe8+ Kc7
31. Bxb1
1-0

[Event "DIJA I"]
[Site "SchemingMind.com"]
[Date "2020.09.05"]
[Round "-"]
[White "splinter"]
[Black "grabapawn"]
[Result "1-0"]
[WhiteCountry "CAN"]
[BlackCountry "USA"]
[WhiteElo "1884"]
[WhiteRD "79"]
[BlackElo "1548"]
[BlackRD "67"]
[GameID "459693"]

1. c4 d6 2. g3 Nc6 3. Bg2 Nf6 4. Nc3 e5 5. Nf3 Be7 6. O-O Bd7 7. a3 h6 8. b4 g5 9. e3 e4 10. Ne1 h5
11. Nxe4 Nxe4 12. Bxe4 f5 13. Bg2 h4 14. d4 hxg3 15. fxg3 Bf6 16. Ra2 Qe7 17. b5 Nd8 18. Nd3 Qh7 19. Bd5 c6 20. bxc6 bxc6
21. Bf3 Ne6 22. Nb4 Rc8 23. Rg2 g4 24. Bxc6 Rxc6 25. Nxc6 Bxc6 26. d5 Ng5 27. dxc6 Nf3+ 28. Rxf3 gxf3 29. Qxf3 Kd8 30. Qd5 Kc7
31. Bb2 Bxb2 32. Rxb2 Rb8 33. Qa5+ Kc8 34. Rxb8+ Kxb8 35. Qd8#
1-0

[Event "DIJA I"]
[Site "SchemingMind.com"]
[Date "2020.09.04"]
[Round "-"]
[White "grabapawn"]
[Black "David Carter"]
[Result "0-1"]
[WhiteCountry "USA"]
[BlackCountry "USA"]
[WhiteElo "1517"]
[WhiteRD "69"]
[BlackElo "1956"]
[BlackRD "76"]
[GameID "459694"]

1. d4 d5 2. Bf4 Nf6 3. e3 c5 4. c3 Nc6 5. h3 e6 6. Nf3 Bd6 7. Ne5 Bxe5 8. dxe5 Nd7 9. Nd2 Ndxe5 10. Qh5 Ng6
11. g3 f6 12. g4 e5 13. Bg3 Be6 14. Bd3 Ne7 15. f4 Bf7 16. g5 Nxf4 17. Qd1 Nxd3+ 18. Kf1 Nf5 19. Bf2 Nxf2 20. Kxf2 fxg5
21. Nf3 O-O 22. Qg1 Bh5 23. Qxg5 Bxf3 24. Qxd8 Raxd8 25. Kxf3 Nd4+ 26. Kg4 Nc2 27. Rac1 Nxe3+ 28. Kg3 Rd6 29. h4 Rg6+ 30. Kh3 Rf3+
0-1

[Event "DIJA I"]
[Site "SchemingMind.com"]
[Date "2020.09.04"]
[Round "-"]
[White "grabapawn"]
[Black "krzysztof"]
[Result "1-0"]
[WhiteCountry "USA"]
[BlackCountry "POL"]
[WhiteElo "1544"]
[WhiteRD "68"]
[BlackElo "1521"]
[BlackRD "75"]
[GameID "459695"]

1. d4 e6 2. Bf4 c6 3. c3 d5 4. e3 Nd7 5. Nf3 Ngf6 6. Bd3 Qb6 7. Qc2 h6 8. Nbd2 Ne4 9. Nxe4 dxe4 10. Bxe4 Nf6
11. Bd3 Nd5 12. Bg3 c5 13. O-O Bd6 14. Be5 Bxe5 15. Nxe5 Bd7 16. Nxf7 Kxf7 17. Qe2 Nf6 18. f3 g5 19. e4 Nh5 20. g3 Rag8
21. f4 Ke8 22. Qxh5+ Kd8 23. Bc2 Be8 24. Qg4 h5 25. Qf3 Bb5 26. Rf2 g4 27. Qe3 h4 28. dxc5 Qc6 29. Rd1+ Kc7 30. Bb3 hxg3
31. Qxg3 Rh3 32. Qg2 Rh4 33. Rd6 Qe8 34. Rxe6 Qc8 35. Re7+ Bd7 36. Rd2 Rd8 37. f5 Kb8 38. Qg3+ Qc7 39. Qxh4 Qxc5+ 40. Rd4 Qxf5
41. Rexd7 Rxd7 42. Qh8+ Kc7 43. Rc4+ Kb6 44. Qh6+ Kb5 45. Rb4+ Ka5 46. Qc1 Qc5+ 47. Kg2 b5 48. a4 a6 49. axb5 axb5 50. Qa1+ Kb6
51. Qg1 Qxg1+ 52. Kxg1 Rd3 53. e5 g3 54. hxg3 Rxg3+ 55. Kh2 Re3 56. e6 Re5 57. Kg3 Kc5 58. Rd4 Kc6 59. Kf4 Re2 60. c4 bxc4
61. Bxc4 Re1 62. Re4 Rb1 63. b3 Rf1+ 64. Ke5 Rf8 65. Bd5+ Kc7 66. Rc4+ Kb6 67. Bc6 Ka5 68. e7 Rb8 69. b4+ Kb6 70. e8=Q Rxe8+
71. Bxe8 Kb7 72. b5 Kb6 73. Kd5 Kb7 74. Kd6 Kb6 75. Ra4 Kb7 76. Bc6+ Kb6 77. Ra6#
1-0

[Event "DIJA I"]
[Site "SchemingMind.com"]
[Date "2020.09.04"]
[Round "-"]
[White "grabapawn"]
[Black "JAHI"]
[Result "0-1"]
[WhiteCountry "USA"]
[BlackCountry "INT"]
[WhiteElo "1517"]
[WhiteRD "69"]
[BlackElo "2158"]
[BlackRD "69"]
[GameID "459696"]

1. d4 d6 2. Bf4 g6 3. e3 Bg7 4. c3 a6 5. Nd2 a5 6. Bd3 Na6 7. h4 h6 8. Ne2 Kf8 9. f3 Bd7 10. g4 e6
11. Ng3 Ne7 12. e4 Kg8 13. h5 Qb8 14. g5 Qa7 15. Qc2 Re8 16. e5 dxe5 17. dxe5 Nd5 18. Ne2 Nxf4 19. Nxf4 Qe3+ 20. Ne2 Nc5
21. Bc4 hxg5 22. O-O-O Rxh5 23. Ng3 Rxh1 24. Rxh1 Ba4 25. b3 Bc6 26. Rf1 Bxe5 27. Ne4 Bxe4 28. fxe4 Bxc3 29. Rd1 Rd8
0-1

[Event "DIJA I"]
[Site "SchemingMind.com"]
[Date "2020.09.06"]
[Round "-"]
[White "grabapawn"]
[Black "Paul Clarkson"]
[Result "0-1"]
[WhiteCountry "USA"]
[BlackCountry "CAN"]
[WhiteElo "1548"]
[WhiteRD "67"]
[BlackElo "1948"]
[BlackRD "93"]
[GameID "459697"]

1. d4 Nf6 2. Bf4 g6 3. e3 Bg7 4. c3 b6 5. Bd3 Bb7 6. f3 O-O 7. h4 d6 8. Rh3 Nbd7 9. Nd2 c5 10. g4 Nd5
11. Bg3 Nxe3 12. Nb3 Nxd1
0-1

[Event "DIJA I"]
[Site "SchemingMind.com"]
[Date "2020.09.05"]
[Round "-"]
[White "David Carter"]
[Black "Arnold Jones"]
[Result "1-0"]
[WhiteCountry "USA"]
[BlackCountry "ENG"]
[WhiteElo "1956"]
[WhiteRD "76"]
[BlackElo "1587"]
[BlackRD "59"]
[GameID "459724"]

1. d4 d5 2. c4 e5 3. dxe5 Bb4+ 4. Bd2 Bxd2+ 5. Qxd2 d4 6. Nf3 c5 7. e3 Nc6 8. exd4 cxd4 9. Na3 Nge7 10. Nc2 Nf5
11. Rd1 Qa5 12. Qxa5 Nxa5 13. Nfxd4 O-O 14. b4 Nc6 15. Nxc6 bxc6 16. Nd4 Nxd4 17. Rxd4 Re8 18. Be2 Be6 19. O-O Red8 20. Rfd1 Rxd4
21. Rxd4 h6 22. a4 Kf8 23. f4 Rb8 24. c5 g6 25. Bf3 Bd5 26. Bxd5 cxd5 27. b5 Ke8 28. Rxd5 Rc8 29. a5 h5 30. Kf2 Ke7
31. c6 Rd8 32. Rxd8 Kxd8 33. b6 axb6 34. a6
1-0

[Event "DIJA I"]
[Site "SchemingMind.com"]
[Date "2020.09.05"]
[Round "-"]
[White "JAHI"]
[Black "Arnold Jones"]
[Result "1-0"]
[WhiteCountry "INT"]
[BlackCountry "ENG"]
[WhiteElo "2118"]
[WhiteRD "69"]
[BlackElo "1623"]
[BlackRD "62"]
[GameID "459726"]

1. c3 Nf6 2. c4 e5 3. Nc3 Bc5 4. g3 O-O 5. Bg2 Ng4 6. e3 f5 7. h3 Nf6 8. h4 e4 9. h5 Ng4 10. h6 g6
11. f3 Nf6 12. fxe4 Nxe4 13. Nxe4 fxe4 14. Bxe4 Qg5 15. Ne2 Bd6 16. Qb3 Rf1+ 17. Rxf1 Bxg3+ 18. Kd1 c5 19. Qc3 Be5 20. Bd5+ Kh8
21. Rf8#
1-0

[Event "DIJA I"]
[Site "SchemingMind.com"]
[Date "2020.09.05"]
[Round "-"]
[White "grabapawn"]
[Black "Arnold Jones"]
[Result "0-1"]
[WhiteCountry "USA"]
[BlackCountry "ENG"]
[WhiteElo "1548"]
[WhiteRD "67"]
[BlackElo "1623"]
[BlackRD "62"]
[GameID "459727"]

1. d4 d5 2. Bf4 Nf6 3. e3 Bf5 4. c3 e6 5. Nd2 Nc6 6. Ngf3 Ne4 7. h3 g5 8. Bh2 f6 9. g4 Nxd2 10. Qxd2 Be4
11. Bg2 Bd6 12. O-O-O Bxh2 13. Rxh2 Bxf3 14. Bxf3 Qd6 15. Rdh1 O-O-O 16. h4 gxh4 17. Rxh4 Rd7 18. Qd3 f5 19. gxf5 Rf7 20. f6 Rxf6
21. Rxh7 Rxh7 22. Rxh7 Rxf3 23. Rh8+ Rf8 24. Rxf8+ Qxf8 25. f4 Ne7 26. Kc2 Qf5 27. Qxf5 Nxf5 28. Kd3 Ng3 29. c4 dxc4+ 30. Kxc4 Kd7
31. Kd3 Nh5 32. b4 Kd6 33. Kc4 Nf6 34. Kd3 Kd5 35. a3 b5
0-1

[Event "DIJA I"]
[Site "SchemingMind.com"]
[Date "2020.09.05"]
[Round "-"]
[White "Arnold Jones"]
[Black "splinter"]
[Result "0-1"]
[WhiteCountry "ENG"]
[BlackCountry "CAN"]
[WhiteElo "1623"]
[WhiteRD "62"]
[BlackElo "1884"]
[BlackRD "79"]
[GameID "459728"]

1. d4 Nf6 2. Bf4 b6 3. Nc3 Bb7 4. d5 g6 5. e4 d6 6. f3 Bg7 7. Bc4 O-O 8. Nge2 Nbd7 9. Nd4 Rc8 10. Nc6 Bxc6
11. dxc6 Nb8 12. Bxf7+ Rxf7 13. e5 dxe5 14. Qxd8+ Rxd8 15. Bxe5 Nxc6 16. Bxc7 Rc8 17. Bf4 e5 18. Be3 Rd7 19. O-O Nd4 20. Rf2 Nd5
21. Rd1 Nxe3 22. Rd3 Nef5 23. Ne4 Rdd8 24. Rdd2 Ne6 25. Rf1 Rxd2 26. Nxd2 Rxc2 27. Ne4 Ne3 28. Rb1 Rxg2+ 29. Kh1 Nd4 30. Rc1 Nxf3
31. Rc8+ Bf8 32. Nf6+ Kf7 33. Nxh7 Rxh2#
0-1

[Event "DIJA I"]
[Site "SchemingMind.com"]
[Date "2020.09.06"]
[Round "-"]
[White "Arnold Jones"]
[Black "Paul Clarkson"]
[Result "0-1"]
[WhiteCountry "ENG"]
[BlackCountry "CAN"]
[WhiteElo "1623"]
[WhiteRD "62"]
[BlackElo "1948"]
[BlackRD "93"]
[GameID "459729"]

1. e4 e6 2. Nf3 d5 3. Nc3 Nf6 4. e5 Nfd7 5. d4 c5 6. Nb5 cxd4 7. Nd6+ Bxd6 8. exd6 Nf6 9. Bb5+ Nc6 10. Bf4 Qa5+
11. Qd2 Qxb5 12. Nxd4 Qxb2 13. O-O Qxd4 14. Qxd4 Nxd4 15. Be5 Nxc2 16. Rac1 Nb4 17. Rc7 O-O 18. Bxf6 gxf6 19. a3 Na6 20. Re7 Rd8
21. Re1 Kf8 22. Rc1 Rxd6 23. Rxc8+ Rxc8
0-1

[Event "DIJA I"]
[Site "SchemingMind.com"]
[Date "2020.09.07"]
[Round "-"]
[White "Erik Johnson"]
[Black "grabapawn"]
[Result "1-0"]
[WhiteCountry "USA"]
[BlackCountry "USA"]
[WhiteElo "1713"]
[WhiteRD "72"]
[BlackElo "1517"]
[BlackRD "69"]
[GameID "459826"]

1. e4 d6 2. d4 Nf6 3. Nc3 Nbd7 4. Nf3 e5 5. Bc4 h6 6. dxe5 dxe5 7. O-O Be7 8. h3 c6 9. Bd2 Qc7 10. a3 Nf8
11. b4 Ng6 12. Be3 Nf4 13. Bxf4 exf4 14. e5 Nd7 15. Re1 b5 16. Bb3 Nf8 17. Qd4 g5 18. Rad1 Ne6 19. Qd3 Ng7 20. Qe2 Bd7
21. Rd4 Nf5 22. Rd3 O-O-O 23. Bxf7 Qb6 24. e6 Be8 25. Rxd8+ Bxd8 26. Qe5 Rf8 27. Qxf5 Be7 28. Ne4 Kb7 29. Nf6 Bxf6 30. Qxf6 Qc7
31. Ne5 a5 32. Ng6
1-0

[Event "DIJA I"]
[Site "SchemingMind.com"]
[Date "2020.09.08"]
[Round "-"]
[White "splinter"]
[Black "Erik Johnson"]
[Result "0-1"]
[WhiteCountry "CAN"]
[BlackCountry "USA"]
[WhiteElo "1877"]
[WhiteRD "80"]
[BlackElo "1713"]
[BlackRD "72"]
[GameID "459828"]

1. c4 g6 2. g3 Bg7 3. Bg2 e6 4. d4 Ne7 5. Nf3 O-O 6. e4 d6 7. Nc3 Nbc6 8. Be3 d5 9. cxd5 exd5 10. exd5 Nxd5
11. Nxd5 Qxd5 12. O-O Bg4 13. Qd2 Bxf3 14. Bxf3 Qxf3 15. Rac1 Rad8 16. Rfd1 Rd5 17. b3 Nxd4 18. Bxd4 Rxd4 19. Qxd4 Bxd4 20. Rxd4 Re8
21. Rdc4 c6 22. R4c3 Re1+ 23. Rxe1 Qxc3
0-1

[Event "DIJA I"]
[Site "SchemingMind.com"]
[Date "2020.09.08"]
[Round "-"]
[White "Arnold Jones"]
[Black "Erik Johnson"]
[Result "1-0"]
[WhiteCountry "ENG"]
[BlackCountry "USA"]
[WhiteElo "1587"]
[WhiteRD "59"]
[BlackElo "1713"]
[BlackRD "72"]
[GameID "459829"]

1. d4 Nf6 2. Nc3 d5 3. Bf4 a6 4. Nf3 Bg4 5. Nd2 e6 6. f3 Bh5 7. g4 Bg6 8. g5 Nfd7 9. e4 c6 10. Qe2 Bb4
11. exd5 Bxc3 12. bxc3 cxd5 13. Nb3 Nc6 14. h4 Nb6 15. Qh2 Na4 16. Bc7 Qd7 17. Nc5 Nxc5 18. dxc5 O-O 19. h5 Bf5 20. Bd3 Bxd3
21. cxd3 Rac8 22. Bd6 Rfe8 23. h6 g6 24. Qf4 f6 25. gxf6 Qf7 26. d4 Ne7 27. Bxe7 Rxe7 28. Rb1 Rd7 29. Rb6 Rc6 30. Qb8+ Qf8
31. Rxb7 Rxb7 32. Qxb7 Rc8 33. f7+ Kh8 34. c6 Rb8 35. Qc7 Rb1+ 36. Ke2 Rxh1 37. Qe5+
1-0

[Event "DIJA I"]
[Site "SchemingMind.com"]
[Date "2020.09.07"]
[Round "-"]
[White "Paul Clarkson"]
[Black "Erik Johnson"]
[Result "0-1"]
[WhiteCountry "CAN"]
[BlackCountry "USA"]
[WhiteElo "1779"]
[WhiteRD "87"]
[BlackElo "1734"]
[BlackRD "79"]
[GameID "459830"]

1. d4 Nf6 2. Bf4 g6 3. e3 Bg7 4. Nf3 O-O 5. h3 d6 6. Be2 Nc6 7. O-O Nh5 8. Bh2 e6 9. c4 e5 10. Nc3 exd4
11. exd4 Nf6 12. a3 Re8 13. Bd3 a6 14. Rc1 Bh6 15. Rc2 Bd7 16. d5 Ne5 17. Nxe5 dxe5 18. Re1 c6 19. dxc6 Bxc6 20. Rxe5 Rxe5
21. Bxe5 Nh5 22. Ne2 Qg5 23. Bg3 Nxg3 24. Nxg3 Ba4 25. Ne4 Qe7 26. Qe2 Bxc2 27. Qxc2 Rc8 28. b4 Qe5 29. Nc5 Qa1+ 30. Kh2 Qxa3
31. Nd7 Qxb4
0-1

[Event "DIJA I"]
[Site "SchemingMind.com"]
[Date "2020.09.08"]
[Round "-"]
[White "Erik Johnson"]
[Black "David Carter"]
[Result "0-1"]
[WhiteCountry "USA"]
[BlackCountry "USA"]
[WhiteElo "1776"]
[WhiteRD "71"]
[BlackElo "2017"]
[BlackRD "70"]
[GameID "459831"]

1. e4 e5 2. Nf3 Nc6 3. Bb5 a6 4. Bxc6 dxc6 5. O-O Bg4 6. h3 h5 7. d3 Qf6 8. Nbd2 g5 9. Qe2 Be6 10. Nb3 g4
11. Bg5 Qg7 12. Nc5 Bxc5 13. Bh4 gxf3 14. Qxf3 Rh6 15. a3 Ne7 16. c3 O-O-O 17. Rfd1 Rg8 18. d4 exd4 19. cxd4 Bd6 20. Rd3 Rg6
21. g3 Bxh3 22. Kh2 Bg4 23. Qg2 Be6 24. e5 Nf5 25. Bf6 Rxf6 26. exf6 Qxf6 27. Rad1 h4 28. b4 hxg3+ 29. fxg3 Bd5
0-1

[Event "DIJA I"]
[Site "SchemingMind.com"]
[Date "2020.09.07"]
[Round "-"]
[White "Erik Johnson"]
[Black "JAHI"]
[Result "0-1"]
[WhiteCountry "USA"]
[BlackCountry "INT"]
[WhiteElo "1713"]
[WhiteRD "72"]
[BlackElo "2158"]
[BlackRD "69"]
[GameID "459832"]

1. e4 d6 2. d4 g6 3. c4 Bg7 4. Nf3 Bg4 5. Be2 Bxf3 6. Bxf3 Nd7 7. Nc3 e6 8. Be3 Ne7 9. O-O h6 10. Qb3 Qb8
11. e5 dxe5 12. Bxb7 exd4 13. Bxd4 Bxd4 14. Bxa8 Qxa8 15. Nb5 Be5 16. Rfe1 Qb8 17. Rxe5 Nxe5 18. Rd1 N5c6 19. Qc3 e5 20. f4 a6
21. Na3 Qb4 22. fxe5 Qxc3 23. bxc3 Nxe5 24. c5 f6 25. Rb1 Kf7 26. Rb7 Rd8 27. Rxc7 Rd1+ 28. Kf2 Ra1 29. Ra7 Rxa2+
0-1

[Event "DIJA I"]
[Site "SchemingMind.com"]
[Date "2020.09.09"]
[Round "-"]
[White "grabapawn"]
[Black "drako"]
[Result "0-1"]
[WhiteCountry "USA"]
[BlackCountry "LAT"]
[WhiteElo "1548"]
[WhiteRD "67"]
[BlackElo "2056"]
[BlackRD "315"]
[GameID "459879"]

1. d4 Nf6 2. Bf4 c5 3. e3 cxd4 4. exd4 d5 5. Nd2 Nc6 6. Ngf3 a6 7. c3 Bf5 8. h3 h6 9. g4 Bh7 10. Ne5 Rc8
11. h4 Ne4 12. Bd3 Nxe5 13. Bxe5 Nxf2 14. Kxf2 Bxd3 15. Nf3 Be4 16. Rg1 f6 17. Bf4 e6 18. Nd2 f5 19. Nxe4 fxe4 20. h5 Be7
21. Qd2 O-O 22. g5 Bxg5 23. Rg4 Qd6 24. Kg3 Rxf4
0-1

[Event "DIJA I"]
[Site "SchemingMind.com"]
[Date "2020.09.10"]
[Round "-"]
[White "Erik Johnson"]
[Black "drako"]
[Result "0-1"]
[WhiteCountry "USA"]
[BlackCountry "LAT"]
[WhiteElo "1776"]
[WhiteRD "71"]
[BlackElo "1978"]
[BlackRD "141"]
[GameID "459880"]

1. e4 c5 2. c3 Nf6 3. e5 Nd5 4. d4 cxd4 5. cxd4 Nc6 6. Nf3 e6 7. Bc4 Nb6 8. Bd3 d5 9. exd6 Bxd6 10. Nc3 h6
11. Bb5 Bd7 12. O-O O-O 13. Bxc6 Bxc6 14. Ne5 Bxe5 15. dxe5 Qxd1 16. Rxd1 Rfd8 17. Be3 Nc4 18. Rxd8+ Rxd8 19. Rd1 Rxd1+ 20. Nxd1 Nxe5
21. Bxa7 Nd3 22. f3 e5 23. h3 f6 24. Bb6 Kf7 25. Ba5 Ke6 26. Bc3 g5 27. Nf2 Nf4 28. Ne4 Bxe4 29. fxe4 b5 30. Kh2 Nd3
31. a3 Nc5 32. g4 Nxe4 33. Bb4 Nf2 34. b3 Nd3 35. Ba5 Nc5 36. b4 Na4 37. Kg3 e4 38. Kf2 f5 39. gxf5+ Kxf5 40. Ke3 h5
41. Bc7 Nb2 42. Ke2 Nc4 43. Kf2 Nxa3 44. Ke2 Nc2 45. Bd6 Nd4+ 46. Ke3 Ne6 47. Kf2 Nf4
0-1

[Event "DIJA I"]
[Site "SchemingMind.com"]
[Date "2020.09.09"]
[Round "-"]
[White "drako"]
[Black "David Carter"]
[Result "1/2-1/2"]
[WhiteCountry "LAT"]
[BlackCountry "USA"]
[WhiteElo "2013"]
[WhiteRD "128"]
[BlackElo "2016"]
[BlackRD "76"]
[GameID "459881"]

1. e4 e5 2. Nf3 Nc6 3. Bb5 a6 4. Ba4 Nf6 5. O-O Nxe4 6. Re1 Nc5 7. Bxc6 dxc6 8. Nxe5 Be7 9. d4 Ne6 10. c3 O-O
11. Nd2 c5 12. Ndf3 cxd4 13. cxd4 Qd5 14. Be3 f6 15. Nd3 Bd6 16. Qd2 Bd7 17. b3 Rae8 18. Rad1 Qh5 19. Nf4 Nxf4 20. Bxf4 Bg4
21. Bxd6 cxd6 22. Qf4 Bxf3 23. Qxf3 Qxf3 24. gxf3 Rxe1+ 25. Rxe1 Kf7 26. d5 Rc8 27. Re4 f5 28. Re6 Rc5= 29. Rxd6 Ke7 30. Rb6 Rb5
31. Re6+ Kd7 32. Re5 g6 33. Kg2 Kd6 34. f4 Rxd5 35. Re2 b5 36. h4 h5 37. Kf3 Rd3+ 38. Re3 Rd2 39. a3 a5 40. Re5 Rd3+
41. Re3 Rd5 42. Re8 a4 43. bxa4 bxa4 44. Ke3 Rc5=
1/2-1/2

[Event "DIJA I"]
[Site "SchemingMind.com"]
[Date "2020.09.09"]
[Round "-"]
[White "drako"]
[Black "JAHI"]
[Result "1/2-1/2"]
[WhiteCountry "LAT"]
[BlackCountry "INT"]
[WhiteElo "1945"]
[WhiteRD "149"]
[BlackElo "2158"]
[BlackRD "69"]
[GameID "459883"]

1. e4 d6 2. Bc4 g6 3. d3 Bg7 4. Nc3 a6 5. a4 a5 6. Nf3 Na6 7. Bf4 Kf8 8. h3 Bd7 9. Qd2 e6 10. O-O h6
11. Rfe1 h5 12. d4 h4 13. Bg5 Bh6 14. Bxa6 Bxg5 15. Nxg5 Rxa6 16. f4 f6 17. Nf3 Kg7 18. Qf2 f5 19. Ng5 Nf6 20. e5 Nh7
21. Nf3 Bc6 22. Nxh4 dxe5 23. Rxe5 Nf6 24. Rxe6 Ne4 25. Nxe4 Bxe4 26. Rxa6 bxa6 27. g3 Rxh4 28. gxh4 Qb8 29. b3 Qb4 30. Rd1 Qc3
31. d5 Qxh3 32. Qd4+ Kf7 33. Rd2 Qh1+ 34. Kf2 Qh2+ 35. Kf1 Qh3+ 36. Ke1 Qh1+ 37. Ke2 Qf3+ 38. Ke1 Qh1+ 39. Ke2 Qf3+ 40. Ke1 Qh1+
41. Ke2 Qf3+ 42. Ke1=
1/2-1/2